| 000 | 00730nam a2200205Ia 4500 | ||
|---|---|---|---|
| 001 | 4178 | ||
| 003 | GE_BSU | ||
| 008 | 181216s||||||||xx |||||||||||||| ||und|| | ||
| 040 | _cGE_BSU | ||
| 080 | _a628.741 | ||
| 100 | _aГлебов,В.С. Тазеев,Г.С. | ||
| 245 | _aПожарная безопасность нефтегаз и объектов магистральных трубопроводов. | ||
| 250 | _aизд. 2-е, перераб. и доп. | ||
| 260 | _aМ. | ||
| 260 | _bНедра. | ||
| 260 | _c1972. | ||
| 300 | _a192 стр. 22 см. | ||
| 653 | _aПожарная безопасность нефтегаз и объектов магистральных трубопроводов. | ||
| 942 | _cBK | ||
| 999 |
_c38188 _d38188 |
||